Acteurs belges (par image) - Statistiques

Statistiques générales
  • Ce quiz a été pris 46 fois
  • Le résultat moyen est 4 sur 16
Statistiques - réponses
Par images Réponse % Correct
Jean-Claude Van Damme
86%
François Damiens
80%
Benoit Poelvoorde
69%
Jacques Brel
69%
Jérémie Renier
37%
Jean-Claude Drouot
20%
André Valardy
9%
Fernand Guiot
6%
Fernand Ledoux
6%
Jean Servais
6%
Raymond Gérome
6%
Roger Van Hool
6%
Jacques Maury
3%
Jan Decleir
3%
Pierre Vaneck
3%
Victor Francen
0%
Aucun quiz correspondant
Distribution des résultats
% des personnes avec chaque résultat
Percentile par nombre de réponses
Votre historique - résultats
Vous n’avez pas pris ce quiz